01149cac a22003251a 4500999001500000003000900015005001700024008004100041020002200082040004300104050000600147082002100153100004300174245009300217264005100310264001100361300002800372336002600400337002800426338002700454500002000481500002700501590001700528650003900545650002700584653002300611655001700634942002500651952014700676 c7476d7476EG-ScBUE20200109124344.0190725t1985 nyu f 001 0 eng d a006045427X (pbk.) aEG-ScBUEbengerdacEG-ScBUEdEG-ScBUE a 04a808.042bRIZ2221 aRizzo, Betty, eauthor.10aPriorities :ba handbook for basic writing /cBetty Rizzo, The City College of New York. 1aNew York :bHarper and Row Publishers,c[1985] 4cc 1985 axxi, 426 pages ;c21 cm 2rdacontentatextbtxt 2rdamediaaunmediatedbn 2rdacarrieravolumebnc aIncludes index. aDistributer: Al-Ahram. aMarwa Ashraf 7aEnglish languagexRhetoric.2BUEsh 7aReport writing.2BUEsh bHHUUEENNcJuly2019 vReading book cBBk808.042 RIZ2ddc 00102ddc40708AlahramaMAINbMAINc2NDd2008-01-24ePurchasel2m3o808.042 RIZp000009035r2025-07-15 00:00:00s2018-10-23w2008-01-24yBB